| 000 | 01356naa a22003377a 4500 | ||
|---|---|---|---|
| 001 | BR9214309 | ||
| 003 | BR-BrBNA | ||
| 005 | 20240918180819.0 | ||
| 007 | ta | ||
| 008 | 230509b bl.||||| |||| 00| 0 por d | ||
| 040 |
_aBR-BrBNA _bpor _cBiblioteca Nacional de Agricultura |
||
| 041 | _a(Pt) | ||
| 072 | _aN10 | ||
| 090 | _aN10 BR9214309 | ||
| 100 | 1 | _aGhelfi Filho, H. | |
| 100 | 1 | _aSilva, I.J.O. da | |
| 100 | 1 | _aMoura, D.J. de | |
| 100 | 1 | _aConsigliero, F.R. | |
| 111 | 1 |
_a20. Congresso Brasileiro de Engenharia Agricola _cLondrina, PR (Brazil) _d21-26 Jul 1991 |
|
| 245 | 1 | _aIndices de conforto termico e da CTR para diferentes materiais de cobertura em 3 estacoes do ano | |
| 246 | 1 | _aThermal confort and radiant thermal doad index to different covering materials for three annual seasons | |
| 246 | 1 | _aAnnals of 20. Brazilian Congress of Agricultural Engineering | |
| 260 | 3 |
_aLondrina, PR (Brasil): _c1992. |
|
| 500 | _aAnais do 20. Congresso Brasileiro de Engenharia Agricola Londrina, PR (Brasil): 1992. v. 1 p. 94-113 (BR9214309-AM)N10 | ||
| 650 | _aInstalacao Agricola | ||
| 650 | _aMeio Ambiente | ||
| 650 | _aTemperatura | ||
| 773 | 0 |
_tAnais do 20. Congresso Brasileiro de Engenharia Agricola _wN10 BR9214309 _gLondrina, PR (Brasil), 1992. v. 1 p. 94-113 |
|
| 909 |
_a202404 _bLucia _c55 _dLucia Elande |
||
| 942 |
_cAM _2AGRIS |
||
| 999 |
_c322141 _d322141 |
||